000 01063nam a2200289 a 4500
001 ASIN1741145708
005 20170105102924.0
008 131211s2005 xxu eng d
020 _a1741145708 (paperback)
_c$27.95
020 _a9781741145700 (paperback)
040 _a0
050 0 4 _aJQ4031
082 0 4 _a320.994
_bMCK 2007
100 1 _aMcKnight, David.
245 1 0 _aBeyond right and left :
_bnew politics and the culture wars /
_cDavid McKnight.
260 _a[S.l.] :
_bAllen & Unwin Pty LTD,
_c2005.
300 _a304 p. ;
_c21 cm.
520 _aMaps the death of politics based on the traditional opposition between Left and Right, and offers a provocative argument for the emergence of a new values-based politics in Australia.
650 0 _aAustralia
650 0 _aConservatism
650 0 _aPolitical science
650 0 _aPolitics and culture
650 0 _aRight and left (Political science)
650 0 _aSocialism
856 4 0 _3Amazon.com
_uhttp://www.amazon.com/exec/obidos/ASIN/1741145708/chopaconline-20
942 _2ddc
_cBK
999 _c15753
_d15753